| 000 | 00441nab a2200145Ia 4500 | ||
|---|---|---|---|
| 003 | ES-SlBCS | ||
| 005 | 20210601124302.0 | ||
| 008 | 140529s19872 xxu||||| |||| 00| 0 eng d | ||
| 041 | _aeng | ||
| 100 | 1 |
_aZeigler, Earle F. _9139112 |
|
| 245 | 0 | 4 |
_aThe Black Athlete's Non-Athletic Problems _c Earle F. Zeigler |
| 650 | 0 | 4 |
_aAtletas Negros _9139113 |
| 773 | 0 |
_tEducational Theory _gvol. 22, nº. 3, 19872, págs. 420-426 _wRev1399 |
|
| 942 | _cAR | ||
| 999 |
_c512299 _d512299 |
||